000 00518nam a22001937a 4500
005 20260312121121.0
008 260312b |||||||| |||| 00| 0 eng d
020 _a9788120808270
040 _cFLL
041 _2eng
_aeng
084 _aWV2.C
100 _aSharma, Ram Sharma
_91131834
245 _aAspects of Political Ideas and Institutions in Ancient India
250 _a5th
260 _aDelhi
_bMotilal Banarsidass
_c2005
300 _axxxi,462p
650 _aIndian Knowledge system
942 _2CC
_cREF
999 _c1715221
_d1715221